<?xml version="1.0" encoding="UTF-8"?>
<record
    xmlns:xsi="http://www.w3.org/2001/XMLSchema-instance"
    xsi:schemaLocation="http://www.loc.gov/MARC21/slim http://www.loc.gov/standards/marcxml/schema/MARC21slim.xsd"
    xmlns="http://www.loc.gov/MARC21/slim">

  <leader>00656nam a22001937a 4500</leader>
  <datafield tag="999" ind1=" " ind2=" ">
    <subfield code="c">174838</subfield>
    <subfield code="d">174838</subfield>
  </datafield>
  <controlfield tag="005">20200713160031.0</controlfield>
  <datafield tag="010" ind1=" " ind2=" ">
    <subfield code="a">UR-10813</subfield>
  </datafield>
  <datafield tag="020" ind1=" " ind2=" ">
    <subfield code="c">75.00</subfield>
    <subfield code="a">-</subfield>
  </datafield>
  <datafield tag="035" ind1=" " ind2=" ">
    <subfield code="a">U-9368</subfield>
  </datafield>
  <datafield tag="037" ind1=" " ind2=" ">
    <subfield code="b">DBAD/PUB</subfield>
  </datafield>
  <datafield tag="082" ind1=" " ind2=" ">
    <subfield code="a">840</subfield>
  </datafield>
  <datafield tag="100" ind1=" " ind2=" ">
    <subfield code="a">&#x645;&#x62F; &#x64A;&#x631; : &#x62C;&#x627; &#x648; &#x64A;&#x62F; &#x64A;&#x632; &#x62F; &#x627; &#x646;&#x6CC;  </subfield>
  </datafield>
  <datafield tag="245" ind1=" " ind2=" ">
    <subfield code="a">&#x6A9;&#x627; &#x631; &#x648; &#x627; &#x646; &#x627; &#x62F; &#x628; </subfield>
    <subfield code="c">&#x645;&#x62F; &#x64A;&#x631; : &#x62C;&#x627; &#x648; &#x64A;&#x62F; &#x64A;&#x632; &#x62F; &#x627; &#x646;&#x6CC;  </subfield>
  </datafield>
  <datafield tag="246" ind1=" " ind2=" ">
    <subfield code="b">Karwan-e-Adab  (Urdu)</subfield>
    <subfield code="a">by Javed Yezdani </subfield>
  </datafield>
  <datafield tag="260" ind1=" " ind2=" ">
    <subfield code="a">M.P.</subfield>
    <subfield code="b">Javed Yezdani </subfield>
    <subfield code="c">2019 &#x621;</subfield>
  </datafield>
  <datafield tag="270" ind1=" " ind2=" ">
    <subfield code="a">13-14,Allied Complex,Motia Park,Sultania Road,Moti Masjid, </subfield>
    <subfield code="b">Bhopal</subfield>
    <subfield code="e">462001</subfield>
    <subfield code="k">9300497627</subfield>
    <subfield code="l">-</subfield>
  </datafield>
  <datafield tag="300" ind1=" " ind2=" ">
    <subfield code="a">160 &#x635; </subfield>
    <subfield code="c">22 Cm(Hb)</subfield>
  </datafield>
  <datafield tag="942" ind1=" " ind2=" ">
    <subfield code="2">ddc</subfield>
    <subfield code="c">UR</subfield>
    <subfield code="h">840</subfield>
    <subfield code="m"> &#x62C; &#x627; &#x648;</subfield>
  </datafield>
  <datafield tag="952" ind1=" " ind2=" ">
    <subfield code="0">0</subfield>
    <subfield code="1">0</subfield>
    <subfield code="4">0</subfield>
    <subfield code="7">0</subfield>
    <subfield code="8">NFIC</subfield>
    <subfield code="a">DBAD</subfield>
    <subfield code="b">DBAD</subfield>
    <subfield code="d">2020-07-13</subfield>
    <subfield code="e">DBAD/PUB</subfield>
    <subfield code="g">75.00</subfield>
    <subfield code="l">0</subfield>
    <subfield code="o">840  &#x62C; &#x627; &#x648;</subfield>
    <subfield code="p">U-9368</subfield>
    <subfield code="r">2020-07-13 00:00:00</subfield>
    <subfield code="t">1</subfield>
    <subfield code="v">75.00</subfield>
    <subfield code="w">2020-07-13</subfield>
    <subfield code="y">UR</subfield>
  </datafield>
</record>
